000 00799nam a2200253Ia 4500
003 OSt
005 20220923225027.0
006 a|||||r|||| 00| 0
007 ta
008 220922b |||||||| |||| 00| 0 ben d
024 _a255,366
037 _cTextual
040 _aARTS
_cARTS
_bben
041 _2ben
_aben
082 _aO157,3M61,TS, 152K0
100 _aठाकुर, रवीन्द्रनाथ
245 0 _aतीन साथी
246 _aTīn sāthī
260 _aदिल्ली
_b प्रभात प्रकाशन
_c1960
300 _a136पृ0
_ccm.
650 _aहिन्दी कहानी
942 _hO157,3M61,TS, 152K0
_cTEXL
_2CC
999 _c375489
_d375489